LEADER 02181nam 2200409 n 450 001 996385064503316 005 20200818213515.0 035 $a(CKB)4940000000067499 035 $a(EEBO)2248506037 035 $a(UnM)99843596e 035 $a(UnM)99843596 035 $a(EXLCZ)994940000000067499 100 $a19910724d1572 uy | 101 0 $aeng 135 $aurbn||||a|bb| 200 14$aThe bathes of Bathes ayde$b[electronic resource] $ewonderfull and most excellent, agaynst very many sicknesses, approued by authoritie, confirmed by reason, and dayly tryed by experience: vvith the antiquitie, commoditie, propertie, knovvledge, vse, aphorismes, diet, medicine, and other thinges therto be considered and obserued. /$fCompendiously compiled by Iohn Iones phisition. Anno salutis. 1572. At Asple Hall besydes Nottingham 210 $aPrinted at London $cfor william Iones: and are to be solde at his new long shop at the west dore of Pauls Church$d13. Maij. [1572] 215 $a[8], 35 [i.e. 34], [4] leaves $cill (2 folded) 300 $a"Printed ... by Thomas East ..."--Colophon. 300 $aIncludes index. 300 $aLeaf 34 misnumbered 35. 300 $aK3 contains an address from the author and errata; K4 is the colophon. 300 $aAlso issued as part 4 of the issue of "A briefe, excellent, and profitable discourse, of the naturall beginning of all growing and living things, heate, generation, effects of the spirits, government, use and abuse of phisicke, preservation, &c." (the expanded reissue, STC 14725). 300 $aIdentified as the first part of STC 14725 at reel 420:16. 300 $aReproductions of the original in the Henry E. Huntington Library and Art Gallery. 330 $aeebo-0113 606 $aBaths$xTherapeutic use$vEarly works to 1800 606 $aMedicine$vEarly works to 1800 607 $aBath (England)$xDescription and travel$vEarly works to 1800 615 0$aBaths$xTherapeutic use 615 0$aMedicine 700 $aJones$b John$cphysician.$0352404 801 0$bCu-RivES 906 $aBOOK 912 $a996385064503316 996 $aThe bathes of Bathes ayde$92361783 997 $aUNISA LEADER 03995nam 22006255 450 001 9910136604303321 005 20200706032913.0 024 7 $a10.1007/978-981-10-0351-6 035 $a(CKB)3710000000902992 035 $a(EBL)4717304 035 $a(DE-He213)978-981-10-0351-6 035 $a(MiAaPQ)EBC4717304 035 $a(PPN)196321182 035 $a(EXLCZ)993710000000902992 100 $a20161012d2017 u| 0 101 0 $aeng 135 $aur|n|---||||| 181 $ctxt$2rdacontent 182 $cc$2rdamedia 183 $acr$2rdacarrier 200 10$aAllergy and Immunotoxicology in Occupational Health /$fedited by Takemi Otsuki, Claudia Petrarca, Mario Di Gioacchino 205 $a1st ed. 2017. 210 1$aSingapore :$cSpringer Singapore :$cImprint: Springer,$d2017. 215 $a1 online resource (159 p.) 225 1 $aCurrent Topics in Environmental Health and Preventive Medicine,$x2364-8333 300 $aDescription based upon print version of record. 311 $a981-10-0349-1 311 $a981-10-0351-3 327 $aChapter 1: Suppressive effects of asbestos exposure on the human immune surveillance system -- Chapter 2: Silica-induced immunotoxicity: chronic and aberrant activation of immune cells -- Chapter 3: Engineered nano materials and allergy -- Chapter 4: Allergens in Occupational Allergy: Prevention and Management. Focus on Asthma -- Chapter 5: Particulate-driven type-2 immunity and allergic responses -- Chapter 6: Traditional and Emerging Occupational Asthma?OA?in Japan -- Chapter7: Skin sensitization model based on only animal data by qualitative structure-toxicity relationships (QSTR) approach -- Chapter 8: Non-industrial indoor environments and work-related asthma, a review -- Chapter 9: Combined effect on Immune and Nervous System of Aluminum Nanoparticles -- Chapter 10: Non Pulmorary Effects of Isocianates -- Chapter 11: Skin Exposure to Nanoparticles. ><. 330 $aThis book offers a collection of the latest clinical and research findings related to allergies, one of the most frequently treated conditions in occupational medicine. The chapters not only cover asthma but also elaborate on contact dermatitis, rhinitis, and other allergic conditions, providing readers with a comprehensive overview of the substances disrupting autoimmunity and their effects on the human body. Allergy and Immunotoxicology in Occupational Health is a valuable resource for professionals and researchers in the occupational health sector, who will discover novel insights into immune effects, providing a foundation for future considerations of the health impairments caused by environmental and occupational exposure to these substances. 410 0$aCurrent Topics in Environmental Health and Preventive Medicine,$x2364-8333 606 $aPublic health 606 $aImmunology 606 $aPharmacology 606 $aAllergy 606 $aPublic Health$3https://scigraph.springernature.com/ontologies/product-market-codes/H27002 606 $aImmunology$3https://scigraph.springernature.com/ontologies/product-market-codes/B14000 606 $aPharmacology/Toxicology$3https://scigraph.springernature.com/ontologies/product-market-codes/B21007 606 $aAllergology$3https://scigraph.springernature.com/ontologies/product-market-codes/H11009 615 0$aPublic health. 615 0$aImmunology. 615 0$aPharmacology. 615 0$aAllergy. 615 14$aPublic Health. 615 24$aImmunology. 615 24$aPharmacology/Toxicology. 615 24$aAllergology. 676 $a610 702 $aOtsuki$b Takemi$4edt$4http://id.loc.gov/vocabulary/relators/edt 702 $aPetrarca$b Claudia$4edt$4http://id.loc.gov/vocabulary/relators/edt 702 $aDi Gioacchino$b Mario$4edt$4http://id.loc.gov/vocabulary/relators/edt 906 $aBOOK 912 $a9910136604303321 996 $aAllergy and Immunotoxicology in Occupational Health$91551253 997 $aUNINA LEADER 04278nam 22007335 450 001 9910760288303321 005 20231101192043.0 010 $a9783031385605 010 $a3031385608 024 7 $a10.1007/978-3-031-38560-5 035 $a(MiAaPQ)EBC30853359 035 $a(Au-PeEL)EBL30853359 035 $a(DE-He213)978-3-031-38560-5 035 $a(CKB)28652796100041 035 $a(OCoLC)1407315187 035 $a(EXLCZ)9928652796100041 100 $a20231101d2023 u| 0 101 0 $aeng 135 $aurcnu|||||||| 181 $ctxt$2rdacontent 182 $cc$2rdamedia 183 $acr$2rdacarrier 200 10$aCosmic Rays $eMultimessenger Astrophysics and Revolutionary Astronomy /$fby Alessandro De Angelis 205 $a1st ed. 2023. 210 1$aCham :$cSpringer International Publishing :$cImprint: Springer,$d2023. 215 $a1 online resource (214 pages) 225 1 $aAstronomers' Universe,$x2197-6651 311 08$aPrint version: De Angelis, Alessandro Cosmic Rays Cham : Springer International Publishing AG,c2023 9783031385599 327 $aThe Largest Energies in the Universe -- The Mystery of Cosmic Rays -- Cosmic-Ray Research after the First World War -- Cosmic Rays and the Physics of Elementary Particles -- Fire Under the Ashes: the Discoveries at the End of the 20th Century and at the Beginning of the 21st Century -- Cosmic Ray Research Today: Multi-Messenger Astrophysics -- Cosmic Rays and Climate -- Cosmic Rays and Life -- Cosmic Rays and the Exploration of the Universe -- Cosmic Rays and Archaeology. 330 $aIn recent years, cosmic rays have become the protagonists of a new scientific revolution. We are able today to film the Universe with telescopes of completely novel conception, recording information from many different messengers and accessing previously unknown cosmic regions. Written by a recognized authority in physics, this book takes readers on a captivating journey through the world of cosmic rays, their role in the revolutionary field of multi-messenger astronomy, their production from powerful accelerators close to the surfaces of black holes and compact objects, reaching the highest levels of energy observed in nature, and the implications this has for our understanding of the Universe. Through the stories of pioneering scientists, explorations of cutting-edge technologies, and simple explanations related to particle physics, quantum mechanics, and astrophysics, the book provides an illuminating state-of-the-art introduction to the current state of high-energy astrophysics. The book was written in straightforward yet rigorous language, so as to be accessible to the greater public. For those curious about the cosmos and cosmic gamma rays, nuclei, neutrinos, and gravitational waves, from casual observers to professional astronomers and physicists, the book is a must-read, offering a thrilling adventure into the future of astronomy and particle physics. 410 0$aAstronomers' Universe,$x2197-6651 606 $aAstronomy 606 $aAstrophysics 606 $aMathematical physics 606 $aNuclear physics 606 $aProgramming languages (Electronic computers) 606 $aComputer science$xMathematics 606 $aAstronomy, Cosmology and Space Sciences 606 $aAstrophysics 606 $aTheoretical, Mathematical and Computational Physics 606 $aNuclear and Particle Physics 606 $aProgramming Language 606 $aMathematics of Computing 615 0$aAstronomy. 615 0$aAstrophysics. 615 0$aMathematical physics. 615 0$aNuclear physics. 615 0$aProgramming languages (Electronic computers) 615 0$aComputer science$xMathematics. 615 14$aAstronomy, Cosmology and Space Sciences. 615 24$aAstrophysics. 615 24$aTheoretical, Mathematical and Computational Physics. 615 24$aNuclear and Particle Physics. 615 24$aProgramming Language. 615 24$aMathematics of Computing. 676 $a539.7223 700 $aDe Angelis$b Alessandro$0255281 801 0$bMiAaPQ 801 1$bMiAaPQ 801 2$bMiAaPQ 906 $aBOOK 912 $a9910760288303321 996 $aCosmic Rays$93598215 997 $aUNINA